Управление качеством в масштабах компании. Становление и этапы развития: пер. с англ.

מידע ביבליוגרפי
מחבר ראשי: Кондо Й. Йосио
שפה:רוסית
יצא לאור: Нижний Новгород, Приоритет, 2002
נושאים:
פורמט: MixedMaterials ספר
KOHA link:https://koha.lib.tpu.ru/cgi-bin/koha/opac-detail.pl?biblionumber=54784

MARC

LEADER 00000nam0a2200000 4500
001 54784
005 20231031050806.0
010 |a 488319048X 
035 |a (RuTPU)RU\TPU\book\57460 
090 |a 54784 
100 |a 20030828d2002 m y0rusy50 ca 
101 1 |a rus 
102 |a RU 
105 |a a z 001zy 
200 1 |a Управление качеством в масштабах компании. Становление и этапы развития  |e пер. с англ.  |f Й. Кондо 
210 |a Нижний Новгород  |c Приоритет  |d 2002 
215 |a 235 с.  |c ил. 
320 |a Библиогр.: с. 227-235 
610 1 |a организация производства 
610 1 |a качество 
610 1 |a управление 
610 1 |a история 
610 1 |a зарождение 
610 1 |a развитие 
610 1 |a энергетические кризисы 
610 1 |a CWQC 
610 1 |a 20 век 
610 1 |a новая продукция 
610 1 |a разработка 
675 |a 658.62.018.012(09)  |v 3 
700 1 |a Кондо  |b Й.  |g Йосио 
801 1 |a RU  |b 63413507  |c 20030828  |g PSBO 
801 2 |a RU  |b 63413507  |c 20100830  |g PSBO 
942 |c BK